ऑलमायटी (Record no. 35669)

MARC details
000 -LEADER
fixed length control field 00542nam a2200181Ia 4500
008 - FIXED-LENGTH DATA ELEMENTS--GENERAL INFORMATION
fixed length control field 090122s9999 xx 000 0 und d
082 ## - DEWEY DECIMAL CLASSIFICATION NUMBER
Item number 11592
100 ## - MAIN ENTRY--PERSONAL NAME
Personal name कुलकर्णी
Numeration डी
Titles and other words associated with a name व्ही
245 ## - TITLE STATEMENT
Title ऑलमायटी
260 ## - PUBLICATION, DISTRIBUTION, ETC. (IMPRINT)
Name of publisher, distributor, etc आरती
Date of publication, distribution, etc 2005
300 ## - PHYSICAL DESCRIPTION
Extent 204
501 ## - WITH NOTE
With note आरती प्रकाशन / बि. नं. 5081-82
600 ## - SUBJECT ADDED ENTRY--PERSONAL NAME
Personal name कुलकर्णी
630 ## - SUBJECT ADDED ENTRY--UNIFORM TITLE
Uniform title ऑलमायटी
700 ## - ADDED ENTRY--PERSONAL NAME
Personal name कुलकर्णी
730 ## - ADDED ENTRY--UNIFORM TITLE
Uniform title ऑलमायटी
942 ## - ADDED ENTRY ELEMENTS (KOHA)
Koha item type Book
Holdings
Withdrawn status Lost status Damaged status Not for loan Home library Current library Date acquired Source of acquisition Cost, normal purchase price Total Checkouts Full call number Barcode Date last seen Copy number Cost, replacement price Price effective from Koha item type
        Dombivali Granthasangrahalaya, Dombivali Dombivali Granthasangrahalaya, Dombivali 01/22/2009 आरती प्रकाशन / बि. नं. 5081-82 170.00   11592 DOM-11592 01/22/2009 1 170.00 01/22/2009 Book